Normal view
MARC view
- Express highways
Entry Topical Term
001 - CONTROL NUMBER
- control field: 22794
003 - CONTROL NUMBER IDENTIFIER
- control field: NUST
005 - DATE AND TIME OF LATEST TRANSACTION
- control field: 20191003151204.0
008 - FIXED-LENGTH DATA ELEMENTS
- fixed length control field: 191003|| aca||aabn | a|a d
040 ## - CATALOGING SOURCE
- Original cataloging agency: NUST
- Transcribing agency: NUST
150 ## - HEADING--TOPICAL TERM
- Topical term or geographic name entry element: Express highways
- Geographic subdivision: North America
- General subdivision: Management.
670 ## - SOURCE DATA FOUND
- Source citation: Work cat.: (NUST)0: Williams, Kristine. 22414, Cooperative agreements for corridor management :, 2004.
